000 01314 am a2200349 a 4500
005 20240222115547.0
008 100706s2002||||sp d f |||| 001 0 spa d
020 _a8488825706
041 _aspa
092 _c616.025
_l39
_sINF
245 _aInfecciones en urgencias.
_bTerapéutica antimicrobiana /
_cJosep Mensa Pueyo
250 _a4a ed.
260 _aBarcelona:
_bAntares;
_c2002.
300 _a542 p.
500 _aMensa Pueyo, J. et al. (2002). Infecciones en urgencias. Terapéutica antimicrobiana. (4a ed.). Barcelona : Antares.
653 _aSíndromes de patologías infecciosas
653 _aTratamiento de las infecciones producidas por microorganismos específicos
653 _aAntimicrobianos
653 _aProfilaxis postexposición y profilaxis en cirugía
653 _aUrgencias en pacientes infectados por el VIH y con SIDA
700 1 _aMensa Pueyo, Josep
_91734
700 1 _aGatell Artigas, Josep M.
_91087
700 1 _aMartínez Martínez, José Antonio.
_91088
700 1 _aTorres Martí, Antonio.
_91089
700 1 _aRuíz Palacio, Guillermo.
_91090
700 1 _aLópez, Horacio.
_91091
700 1 _aArredondo-García, José Luis.
_91092
700 1 _aCastro Méndez, Julio S.
_91093
700 1 _aLuna, Juan Manuel.
_91094
930 _a1320
942 _2ddc
_cBK
999 _c481
_d481